Les scènes navales figurées sur les talatat du IXe pylône de Karnak
Main Author:
Other Authors:
Format: Book
Language: Undetermined
Published:
Cairo
Institut français d'archéologie orientale
2025
Series:
BiGen 77
Subjects:
Tags: Add Tag
Call Number: On Hold
| LEADER | 00824nam a2200217Ia 4500 | ||
|---|---|---|---|
| 005 | 20260324113530.0 | ||
| 008 | 260324s9999||||xx |||||||||||||| ||und|| | ||
| 020 | |a 9782724710861 | ||
| 050 | 4 | |a On Hold | |
| 100 | 0 | |a Robert Vergnieux | |
| 245 | 1 | 0 | |a Les scènes navales figurées sur les talatat du IXe pylône de Karnak |c Robert Vergnieux |
| 264 | 1 | |a Cairo |b Institut français d'archéologie orientale |c 2025 | |
| 300 | |a 207 pages |b illustrations |c 33 cm | ||
| 490 | 0 | |a BiGen 77 | |
| 500 | |a Includes bibliographical references (pages 197-207) and index. | ||
| 650 | 4 | |a Bas-relief -- Egypt -- Karnak. | |
| 650 | 4 | |a Excavations (Archaeology) -- Egypt -- Karnak. | |
| 650 | 4 | |a Inscriptions, Egyptian -- Egypt -- Karnak. | |
| 650 | 4 | |a Naval art and science -- Egypt -- Karnak -- History. | |
| 700 | 0 | |a Alexandre Belov | |
| 999 | |c 61897 |d 61897 | ||
